|
|
|
|
| LEADER |
00000nab a2200000 a 4500 |
| 001 |
vtls000103092 |
| 003 |
SK-MaSNL |
| 005 |
20260303022043.0 |
| 008 |
111104c1981 xo 0 slo |
| 015 |
|
|
|a SNBRB19rr/mm-uuuuu
|
| 035 |
|
|
|a CL0113195
|
| 040 |
|
|
|a SNKBUCL
|b slo
|c SNKBUCL
|e AACR2
|
| 041 |
0 |
|
|a slo
|
| 044 |
|
|
|a xo
|c SK
|
| 080 |
|
|
|a 656.1/.5
|2 1981
|
| 100 |
1 |
|
|a Braňo, Janík
|4 aut
|9 1003648
|
| 245 |
1 |
0 |
|a Ešte stále rezervy
|c Janík Braňo
|
| 650 |
0 |
7 |
|a doprava cestná nákladná
|2 snkbucl
|9 375190
|
| 655 |
|
7 |
|a články z novín a časopisov
|2 snkbucl
|9 267496
|
| 773 |
0 |
|
|t Národné výbory
|g Č. 25 (1981), s. 14-15
|
| 850 |
|
|
|a Slovenská národná knižnica v Martine
|a MTA001
|
| 852 |
|
|
|a SNK
|b KIS3GCP
|
| 958 |
|
|
|a RK
|
| 992 |
|
|
|a RBX
|
| 999 |
|
|
|c 1626558
|d 1628488
|